Propuesta para la creación de un despacho de asesoría en recursos humanos en la ciudad de Zamora, Michoacán /

Saved in:
Bibliographic Details
Main Author: Ascencio Ibáñez, Susana (autor)
Other Authors: Suárez Torres, Rosa María (autor) (autor)
Format: Thesis Book
Language:Español
Published: Guadalajara, México : edición de autor, 1995
Subjects:
Tags: Add Tag
No Tags, Be the first to tag this record!

MARC

LEADER 00000nam^a2200000^a^4500
001 000047589
005 20250521000000.0
009 20260310090057.768
037 |a Acervo ITESO - Biblioteca 
041 |a ESP 
090 |a RID. 86 
100 |a Ascencio Ibáñez, Susana  |e (autor) 
245 1 0 |a Propuesta para la creación de un despacho de asesoría en recursos humanos en la ciudad de Zamora, Michoacán /  |c S. Ascencio Ibáñez... [et al.]. 
264 1 |a Guadalajara, México :  |b edición de autor,  |c 1995 
300 |a 142 p. 
336 |a texto  |b txt  |2 rdacontenido 
337 |a sin mediación  |b n  |2 rdamedio 
338 |a volumen  |b nc  |2 rdasoporte 
502 |a ITESO Tesis de Licenciatura en Relaciones Industriales 
649 |a XX 
650 |a Recursos Humanos -  |x Dirección 
650 |a Ciencias Administrativas 
650 |a Mercadotecnia 
650 |a Investigación de Mercado 
650 |a Comportamiento del Consumidor 
700 |a Suárez Torres, Rosa María  |e (autor) 
910 |a Fondo General 
920 |a Impresos - Tesis del ITESO 
930 |a Colección General 
905 |a 104 
901 |a 0500002854  |b IT2  |c TSS  |u 20250521 
902 |a https://opac.biblio.iteso.mx/vufind/Record/000047589